02155nab a2200313 a 450000500170000000700030001700800410002002200140006104000280007504100080010310000440011124500740015526400660022930000620029533600270035733700340038433800280041836200480044652108580049452200280135265000830138065000690146370000360153271001090156877300880167785600440176594200150180999900170182420250224110756.0ta250206e2016 dr fr|p|r||||||0| 00spa d a2078-4929 aDO-SdBNPcDO-SdBNPerda hspa aOrtega González, Carmen934366etexto aCedimat /cCarmen Ortega González, texto ; fotos: Fernando Calzada. aSanto Domingo, República Dominicana : bArquitexto, c2016. apáginas, 62 : bilustraciones, fotografías ; c27 cm. atextobtxt2rdacontent asin mediación bn2rdamedia avolumenbnc2rdacarrier aAño 30, Número 92, (enero-marzo, 2016). aEste centro de Cedimat está orientado al tratamiento de cardiopatías congénitas y adquiridas para todas las edades, a estimular el turismo de salud y a desarrollar programas de formación académica. El concepto de lograr una “arquitectura para sanar” llevó a la búsqueda de soluciones físicas y ambientales que cumplieran estrictos códigos y estándares internacionales. El edificio principal consta de ocho niveles, incluyendo un sótano. El hospital posee 180 camas de internamiento, cinco quirófanos (tres para adultos y dos pediátricos), cuatro salas de hemodinámica, una central de esterilización, 35 unidades de cuidados intensivos y todas las instalaciones de un hospital de tercer nivel, es decir hospital de referencia o altamente especializado al que llegan pacientes remitidos por los hospitales regionales.... aRepública Dominicana. 0aNeurorradiología986946vPublicaciones periódicas zRepública Dominicana 0aSaludvPublicaciones periódicas zRepública Dominicana91687 aCalzada, Fernando969597efotos aCentros de Diagnóstico y Medicina Avanzada y de Conferencias Médicas y Telemedicina (CEDIMAT)9634060 0368849320374aArquitextoo2025-0710tArquitexto. :w(DO-SdBNP)000037394x2078-4929 uhttps://arquitexto.com/2016/01/cedimat/ 2ddccISSUE c58101d58101